[Event "AUTO-OPEN-396"]
[Site "http://www.queenalice.com/game.php?id=108817"]
[Date "2006.9.22"]
[Round "1"]
[White "Doorman19"]
[Black "CampbellMarcel"]
[Result "0-1"]
[WhiteElo "1384"]
[BlackElo "1641"]

1. d4 Nf6 2. Nf3 d5 3. Bg5 h6 4. Bxf6 exf6 5. Nc3 Bb4 6. e3 O-O 7. Bd3 Nc6 8.
Nh4 Re8 9. O-O a5 10. a3 Bd6 11. g3 Bh3 12. Nxd5 Bxf1 13. Qxf1 Re6 14. Bf5 Re8
15. Qd3 Ne7 16. Bh7+ Kh8 17. Nxe7 Rxe7 18. Nf5 g6 19. Bxg6 fxg6 20. Nxe7 Qxe7
21. Qxg6 Qh7 22. Qxf6+ Kg8 23. c3 Rf8 24. Qe6+ Kh8 25. b4 Qf7 26. Qxh6+ Kg8 27.
f4 axb4 28. axb4 Re8 29. h4 Rxe3 30. Ra8+ Bf8 31. Kg2 Qg7 32. Qh5 Qxg3+ 33. Kh1
Re1# 0-1

[Event "AUTO-OPEN-396"]
[Site "http://www.queenalice.com/game.php?id=108826"]
[Date "2006.9.22"]
[Round "1"]
[White "renato"]
[Black "Doorman19"]
[Result "1-0"]
[WhiteElo "1681"]
[BlackElo "1428"]

1. e3 d5 2. Nf3 Nc6 3. Bb5 Bf5 4. Ne5 Qd6 5. d4 Qb4+ 6. Nc3 f6 7. Bxc6+ bxc6 8.
Nxc6 Qc4 9. Na5 Qa6 10. Nb3 Nh6 11. Nxd5 Qc6 12. Nb4 Qc4 13. Bd2 e6 14. a3 Bxb4
15. axb4 Bxc2 16. Na5 Qd3 17. Qe2 Qxe2+ 18. Kxe2 O-O 19. Rac1 Be4 20. f3 Bd5 21.
Rxc7 e5 22. Rd7 Be6 23. Re7 Ba2 24. dxe5 fxe5 25. Rxe5 Rad8 26. b3 Nf7 27. Rf5
g6 28. Rc5 Rd7 29. Ra1 Bxb3 30. Nxb3 Nd6 31. Ra6 Nb7 32. Rg5 Nd6 33. Rd5 Rf6 34.
Nc5 Re7 35. Rdxd6 Rf8 36. Nd7 Rff7 37. Nf6+ Kg7 38. Bc3 Kh6 39. Ng4+ Kh5 40. Be1
Rc7 41. Ra5+ Rf5 42. Nf6+ Kh6 43. Rxf5 gxf5 44. Ne8+ Kg5 45. Nxc7 h5 46. Bh4+
Kxh4 47. Ne6 1-0

[Event "AUTO-OPEN-396"]
[Site "http://www.queenalice.com/game.php?id=108827"]
[Date "2006.9.22"]
[Round "1"]
[White "Doorman19"]
[Black "renato"]
[Result "1-0"]
[WhiteElo "1428"]
[BlackElo "1740"]

1. d4 e6 2. Nf3 Bb4+ 3. c3 Bd6 4. Be3 b6 5. Nbd2 Bb7 6. g3 Nf6 7. Bg2 Ng4 8. Ne4
Bxe4 9. O-O Nxe3 10. fxe3 Bxf3 11. Bxf3 c6 12. Qd3 c5 13. Bxa8 cxd4 14. cxd4 Nc6
15. Bxc6 dxc6 16. Rac1 c5 17. dxc5 bxc5 18. Qb5+ Qd7 19. Qxd7+ Kxd7 20. Rxf7+
Ke8 21. Rxg7 a5 22. Ra7 Rf8 23. Ra8+ Ke7 24. Rxf8 Kxf8 25. Rf1+ Kg7 26. Rd1 Be5
27. b3 Kf6 28. Rc1 Bd6 29. Rf1+ Ke5 30. h4 h5 31. Rf4 Kd5 32. e4+ Kd4 33. e5+
Kxe5 34. e3 Kd5 35. e4+ Kc6 36. Rf3 Kb5 37. a4+ Kb4 38. Kg2 c4 39. bxc4 Kxa4 40.
Rf6 Kb4 41. Rxe6 Kc5 42. e5 Bc7 43. Re8 Bb6 44. Rc8+ Kd4 45. e6 Bc5 46. Rc7 a4
47. e7 Bxe7 48. Rxe7 Kxc4 49. Re3 Kb4 50. Kf3 a3 51. Rxa3 Kxa3 52. Kf4 Kb4 53.
Kg5 Kc5 54. Kxh5 Kd6 55. Kg6 Ke7 56. Kg7 Ke8 57. h5 Ke7 58. h6 Ke6 59. h7 Kf5
60. h8=Q Kg4 61. Qh4+ Kf3 62. g4 Kf4 63. g5+ Kf5 64. g6 Ke6 65. Qf6+ Kd7 66. Kf7
Kc7 67. g7 Kc8 68. Qe7 1-0

[Event "casino royal"]
[Site "http://www.queenalice.com/game.php?id=142708"]
[Date "2006.12.17"]
[Round "-"]
[White "Enroque"]
[Black "Doorman19"]
[Result "1-0"]
[WhiteElo "1769"]
[BlackElo "1474"]

1. e4 e5 2. Nf3 Nf6 3. Nxe5 Nxe4 4. Bc4 Ng5 5. d4 d6 6. Nf3 Bg4 7. Qe2+ Be7 8.
Bxg5 f6 9. Bd2 Nc6 10. Qe4 Bh5 11. Nh4 Qd7 12. O-O O-O-O 13. Be6 Qxe6 14. Qxe6+
Rd7 15. Be3 Be2 16. Re1 Ba6 17. a3 b6 18. Nc3 g5 19. Nf5 Re8 20. Nd5 Bc4 21.
Ndxe7+ Nxe7 22. Nxe7+ Rxe7 23. Qxc4 d5 24. Qa6+ Kb8 25. a4 Rd6 26. a5 h5 27.
axb6 Rxb6 28. Qxa7+ Kc8 29. Qa8+ Kd7 30. Qxd5+ Kc8 31. Ra8+ Rb8 32. Qg8+ Kd7 33.
Rxb8 Kc6 34. d5+ Kd7 35. Qd8# 1-0

[Event "Challenge"]
[Site "http://www.queenalice.com/game.php?id=184701"]
[Date "2007.3.19"]
[Round "-"]
[White "FKafka"]
[Black "Doorman19"]
[Result "0-1"]
[WhiteElo "1406"]
[BlackElo "1469"]

1. g3 d5 2. Bg2 e6 3. c3 Nc6 4. Nf3 Bc5 5. e3 Nf6 6. d4 Bb6 7. O-O O-O 8. a4 Qd6
9. Na3 Ng4 10. Nb5 Qe7 11. b4 f6 12. h3 e5 13. hxg4 Bxg4 14. dxe5 fxe5 15. Qxd5+
Rf7 16. Nh4 Rd8 17. Qe4 a6 18. Na3 Be2 19. Re1 Rxf2 20. Kxf2 Bh5 21. a5 Qf6+ 22.
Kg1 Rf8 23. axb6 Qf2+ 24. Kh2 Qxe1 25. Qc4+ Kh8 26. Nc2 Qf2 27. bxc7 Qxc2 28. b5
axb5 29. Qxb5 Qxc3 30. Ra3 Qxc1 31. Qb3 h6 32. Qxb7 Qxa3 33. c8=Q Rxc8 34. Qxc8+
Kh7 35. Be4+ g6 36. Bxg6+ Bxg6 37. Qc7+ Ne7 38. Nf3 Bh5 39. Nxe5 Kg7 40. Nc6
Qb2+ 41. Kh3 Qa3 42. g4 Be8 43. Nxe7 Qxe3+ 44. Kh4 Qg5+ 45. Kg3 h5 46. Nf5+ Kf8
47. Ng7 Qxg4+ 48. Kf2 Qxg7 49. Qf4+ Qf7 50. Kf3 Qxf4+ 51. Kxf4 Kg7 52. Kg5 Bg6
53. Kf4 Kh6 54. Kg3 Kg5 55. Kh3 h4 56. Kg2 Kg4 57. Kf2 h3 58. Ke3 h2 59. Kf2
h1=Q 60. Ke3 Qe4+ 61. Kd2 Kf3 62. Kc3 Ke3 63. Kb3 Kd3 64. Kb2 Qb4+ 65. Kc1 Qd2+
66. Kb1 Kc3+ 67. Ka1 Qb2# 0-1

[Event "Challenge"]
[Site "http://www.queenalice.com/game.php?id=187211"]
[Date "2007.3.24"]
[Round "-"]
[White "spawnwolfwolverine"]
[Black "Doorman19"]
[Result "1-0"]
[WhiteElo "1548"]
[BlackElo "1476"]

1. e3 d5 2. d3 Nf6 3. c3 Bf5 4. Nf3 e6 5. g3 Bd6 6. Bg2 Nc6 7. O-O O-O 8. e4
dxe4 9. dxe4 Bxe4 10. Bg5 Bxf3 11. Qxf3 Ne5 12. Qxb7 Qe7 13. Nd2 Rfb8 14. Bxf6
Qxf6 15. Qa6 Rxb2 16. Bxa8 Rxd2 17. Qxa7 h6 18. a4 Nf3+ 19. Bxf3 Qxf3 20. Rab1
Qxc3 21. Qb8+ Kh7 22. Qb3 Qc5 23. Rbc1 Qa7 24. Rcd1 Rxd1 25. Rxd1 g6 26. Ra1 Qd4
27. Rd1 Qe5 28. Qb5 c5 29. a5 1-0

[Event "Challenge"]
[Site "http://www.queenalice.com/game.php?id=187212"]
[Date "2007.3.24"]
[Round "-"]
[White "Doorman19"]
[Black "spawnwolfwolverine"]
[Result "0-1"]
[WhiteElo "1463"]
[BlackElo "1561"]

1. d4 e6 2. Nf3 d6 3. Bf4 b6 4. e3 g6 5. Bd3 Bg7 6. Nc3 Nf6 7. e4 O-O 8. b4 Ba6
9. O-O Bxd3 10. Qxd3 c5 11. bxc5 dxc5 12. Nb5 Nc6 13. Bc7 Qd7 14. Bd6 Rfd8 15.
e5 Nd5 16. dxc5 bxc5 17. Bxc5 Nxe5 18. Nxe5 Bxe5 19. c4 Bxa1 20. Rxa1 Nf4 21.
Qxd7 Rxd7 22. g3 Nh3+ 23. Kg2 Ng5 24. Nd6 a5 25. Rd1 Ne4 26. Ba3 a4 0-1

[Event "Challenge"]
[Site "http://www.queenalice.com/game.php?id=187619"]
[Date "2007.3.25"]
[Round "-"]
[White "rubon"]
[Black "Doorman19"]
[Result "0-1"]
[WhiteElo "1356"]
[BlackElo "1482"]

1. e4 e5 2. Nf3 Nf6 3. Nxe5 Bc5 4. Bc4 d5 5. exd5 Nxd5 6. Qh5 O-O 7. b3 c6 8.
Bb2 Qf6 9. Nd3 Re8+ 10. Kf1 Bd4 11. Bxd4 Qxd4 12. Nc3 Nxc3 13. dxc3 Qf6 14. Re1
Rxe1+ 15. Kxe1 Qxc3+ 16. Ke2 Qxc2+ 17. Ke3 g6 18. Qf3 Be6 19. Rc1 Qxa2 20. Ne5
Bxc4 21. bxc4 Qa3+ 22. Ke4 f5+ 23. Kf4 Qxc1+ 24. Kg3 Qg5+ 25. Kh3 f4 26. Qg4
Qxe5 27. Qc8+ Kg7 28. Qxb7+ Kh6 29. Qxa8 Qh5# 0-1

[Event "GAME 6"]
[Site "http://www.queenalice.com/game.php?id=189375"]
[Date "2007.3.29"]
[Round "-"]
[White "Doorman19"]
[Black "Boeing"]
[Result "0-1"]
[WhiteElo "1487"]
[BlackElo "1761"]

1. d4 e6 2. Bf4 g5 3. Be3 Bg7 4. Nh3 h6 5. g3 g4 6. Nf4 c5 7. c3 cxd4 8. cxd4
Nc6 9. Nh5 Qa5+ 10. Nc3 Qxh5 11. d5 Bxc3+ 12. bxc3 exd5 13. Bg2 Nf6 14. Rb1 a6
15. Bc5 Ne4 16. Bxe4 dxe4 17. e3 Qxc5 18. O-O Qxc3 19. Rb3 Qf6 20. Qd5 Ne5 21.
Qxe4 d5 22. Qxd5 Nf3+ 23. Kh1 O-O 24. Kg2 Be6 25. Qxb7 Bxb3 26. axb3 Nd2 27. Rd1
Rab8 28. Qd5 Rfd8 29. Qa5 Qf3+ 30. Kg1 Qxd1+ 31. Kg2 Qf3+ 32. Kg1 Nxb3 33. Qe1
Rd1 34. Qxd1 Qxd1+ 35. Kg2 Nd2 36. h3 Qf1+ 37. Kh2 Nf3# 0-1

[Event "AUTO-OPEN-396"]
[Site "http://www.queenalice.com/game.php?id=194932"]
[Date "2007.4.11"]
[Round "2"]
[White "CHESSGENIUS"]
[Black "Doorman19"]
[Result "1-0"]
[WhiteElo "2137"]
[BlackElo "1494"]

1. d4 d5 2. c4 dxc4 3. e3 Be6 4. Nf3 g6 5. Ng5 Bd5 6. e4 Be6 7. Nxe6 fxe6 8.
Bxc4 e5 9. Qb3 Nh6 10. Bxh6 Bxh6 11. dxe5 Rf8 12. Qxb7 Nd7 13. Bb5 Rb8 14. Bxd7+
Kxd7 15. Qd5+ Kc8 16. Qxd8+ Rxd8 17. b3 a5 18. O-O Bg7 19. f4 e6 20. Nc3 Rd3 21.
Rac1 Bh6 22. g3 Rd2 23. Rf2 Rd3 24. Na4 Rb4 25. Re2 g5 26. Nc5 gxf4 27. Nxd3 f3
28. Nxb4 Bxc1 29. Re1 Bd2 30. Rf1 Be3+ 31. Kh1 f2 32. Nd3 h5 33. Nxf2 c5 34. Nd3
Kc7 35. Nf4 Kd7 36. Nxh5 Kc6 37. g4 Kb5 38. h4 c4 39. bxc4+ Kxc4 40. g5 Kd4 41.
g6 Bh6 42. g7 Bxg7 43. Nxg7 Kxe5 44. h5 Kxe4 45. h6 1-0

[Event "AUTO-OPEN-396"]
[Site "http://www.queenalice.com/game.php?id=194933"]
[Date "2007.4.11"]
[Round "2"]
[White "Doorman19"]
[Black "CHESSGENIUS"]
[Result "0-1"]
[WhiteElo "1496"]
[BlackElo "2129"]

1. d4 Nf6 2. Nf3 d5 3. Bf4 Bf5 4. e3 e6 5. Nc3 c6 6. Bd3 Bxd3 7. Qxd3 Bd6 8. Ne5
Nbd7 9. Nxd7 Qxd7 10. Bxd6 Qxd6 11. O-O O-O 12. f3 Rad8 13. Na4 b6 14. a3 e5 15.
dxe5 Qxe5 16. f4 Qe7 17. Rae1 c5 18. b3 Rfe8 19. Rf3 d4 20. f5 Qe5 21. g4 Nxg4
22. Rh3 Nxe3 23. Qe2 Qxf5 24. Qf3 Qxf3 25. Rxf3 Nxc2 26. Rxe8+ Rxe8 27. b4 cxb4
28. axb4 Nxb4 29. Nb2 g6 30. Kf1 b5 31. Kf2 f5 32. Rb3 a5 33. Rh3 Rc8 34. Ke1 a4
35. Ra3 Nc2+ 36. Kd2 Nxa3 37. Kd3 Rd8 38. h4 Kg7 39. Nd1 Nc4 40. Kc2 Ne3+ 41.
Kd2 Nxd1 42. Kxd1 b4 0-1

[Event "AUTO-OPEN-396"]
[Site "http://www.queenalice.com/game.php?id=194940"]
[Date "2007.4.11"]
[Round "2"]
[White "R_Mutt"]
[Black "Doorman19"]
[Result "1-0"]
[WhiteElo "2132"]
[BlackElo "1478"]

1. Nc3 e6 2. e4 Nc6 3. d4 Bb4 4. Nf3 Nf6 5. Bd3 d6 6. O-O O-O 7. Ne2 a6 8. e5
dxe5 9. dxe5 Ng4 10. Bf4 b5 11. h3 Nh6 12. Bxh6 gxh6 13. Qc1 Bb7 14. Qxh6 Qxd3
15. cxd3 Ne7 16. Ng5 Ng6 17. Qxh7# 1-0

[Event "AUTO-OPEN-396"]
[Site "http://www.queenalice.com/game.php?id=194941"]
[Date "2007.4.11"]
[Round "2"]
[White "Doorman19"]
[Black "R_Mutt"]
[Result "0-1"]
[WhiteElo "1493"]
[BlackElo "2134"]

1. d4 Nf6 2. Bf4 g6 3. Nc3 d5 4. e3 Bg7 5. Nf3 O-O 6. Bd3 c5 7. Nb5 Na6 8. O-O
Ne8 9. c3 Nec7 10. a4 b6 11. Ne5 Ne6 12. Nc6 Qd7 13. Ne5 Qb7 14. dxc5 Naxc5 15.
b4 Nxd3 16. Qxd3 Nxf4 17. exf4 Bf5 18. Qd2 Rfd8 19. Rfe1 Rac8 20. Nd4 Bd7 21. b5
Qc7 22. Nxd7 Rxd7 23. Nc6 a6 24. Re3 Qxf4 25. g3 Qc7 26. Rae1 e6 27. Ne5 Rdd8
28. bxa6 Ra8 29. Qd3 Ra7 30. f4 Rda8 31. Qe2 Rxa6 32. c4 dxc4 33. Nxc4 Bd4 34.
Rc1 Rxa4 35. Qd3 Bxe3+ 36. Qxe3 Rxc4 37. Rb1 Ra2 38. Rd1 Rcc2 39. Kf1 Qc4+ 40.
Kg1 Rg2+ 41. Kh1 Rxh2+ 42. Kg1 Rag2# 0-1

[Event "AUTO-OPEN-396"]
[Site "http://www.queenalice.com/game.php?id=194946"]
[Date "2007.4.11"]
[Round "2"]
[White "Doorman19"]
[Black "renato"]
[Result "0-1"]
[WhiteElo "1506"]
[BlackElo "1707"]

1. d4 d5 2. Nf3 Nf6 3. Bf4 Nc6 4. Nc3 e6 5. e3 a6 6. Bd3 Bb4 7. O-O Bxc3 8. bxc3
h6 9. a3 Bd7 10. Rb1 Nh5 11. Rxb7 Nxf4 12. exf4 Na5 13. Rb2 Bc6 14. Ne5 Qh4 15.
Nf3 Qxf4 16. g3 Qf6 17. Ne5 O-O 18. Qg4 g5 19. Kg2 Rfb8 20. Rxb8+ Rxb8 21. Bxa6
Bb5 22. Nd7 Bxd7 23. f4 Bb5 24. Bxb5 Rxb5 25. fxg5 Qxg5 26. Qf3 f5 27. h4 Qg6
28. a4 Rb2 29. Rf2 Ra2 30. h5 Qg7 31. Qe3 Qf6 32. g4 Nc4 33. Qd3 Qg5 34. Qg3
Qxg4 35. Qxg4+ fxg4 36. Kg3 Ne3 37. Re2 Nf5+ 38. Kxg4 Kf7 39. Kf4 Rxa4 40. Ke5
Rc4 41. Rf2 Rxc3 42. Rg2 Re3+ 43. Kf4 Re4+ 44. Kf3 Nh4+ 45. Kf2 Nxg2 46. Kxg2
Rxd4 47. Kf3 Rc4 48. Ke3 Rxc2 49. Kd4 Rc4+ 50. Kd3 c5 51. Kd2 Kf6 52. Kd3 Kg5
53. Kd2 Kxh5 54. Kd3 Kg4 55. Ke3 Kg3 56. Kd3 h5 57. Kd2 h4 58. Kd3 h3 0-1

[Event "AUTO-OPEN-396"]
[Site "http://www.queenalice.com/game.php?id=194947"]
[Date "2007.4.11"]
[Round "2"]
[White "renato"]
[Black "Doorman19"]
[Result "1-0"]
[WhiteElo "1721"]
[BlackElo "1486"]

1. e4 e5 2. Nf3 d6 3. Nc3 Bg4 4. Be2 Nc6 5. h3 Nf6 6. hxg4 Nxg4 7. Ng1 Nf6 8. d3
g6 9. Bg5 Nd4 10. Bxf6 Qxf6 11. Nf3 Bh6 12. Rxh6 O-O-O 13. Nxd4 exd4 14. Nd5 Qg5
15. Rh3 Qxg2 16. Rg3 Qh1+ 17. Bf1 Rhe8 18. Qg4+ Kb8 19. Rh3 f5 20. Qf4 Qg1 21.
O-O-O h5 22. Be2 Qg2 23. Rg3 Qh2 24. Rdg1 b6 25. Rxg6 Qxf4+ 26. Nxf4 fxe4 27.
Ne6 Rd7 28. dxe4 Rh7 29. Ng5 Rhh8 30. Ba6 Re5 31. Nf7 Ree8 32. Nxh8 Rxh8 33.
Rg8+ Rxg8 34. Rxg8# 1-0

[Event "Challenge"]
[Site "http://www.queenalice.com/game.php?id=205097"]
[Date "2007.5.2"]
[Round "-"]
[White "Lauermann"]
[Black "Doorman19"]
[Result "1-0"]
[WhiteElo "1640"]
[BlackElo "1491"]

1. e3 e5 2. Qh5 d6 3. Bc4 g6 4. Qf3 Nf6 5. g4 c6 6. g5 Bg4 7. Qg2 d5 8. gxf6
Qxf6 9. Be2 Bf5 10. d3 Qe6 11. b3 Bg7 12. Bb2 O-O 13. e4 dxe4 14. dxe4 Bxe4 15.
Qxe4 Nd7 16. Bc4 Qf6 17. Ba3 Rfe8 18. Nd2 Bh6 19. Ngf3 Rac8 20. Bb2 b5 21. Bd3
Nc5 22. Qb4 Na6 23. Qg4 Bxd2+ 24. Nxd2 Rcd8 25. O-O-O Qxf2 26. h4 f5 27. Qh3 Nb4
28. Kb1 Nxd3 29. cxd3 e4 30. Rhf1 Qe2 31. h5 gxh5 32. Qg3+ Qg4 33. Qc7 exd3 34.
Rg1 Qxg1 35. Rxg1+ Kf8 36. Qg7# 1-0

[Event "Challenge"]
[Site "http://www.queenalice.com/game.php?id=210003"]
[Date "2007.5.12"]
[Round "-"]
[White "HamonRN"]
[Black "Doorman19"]
[Result "0-1"]
[WhiteElo "1042"]
[BlackElo "1484"]

1. Nf3 d6 2. e4 e5 3. c3 Bg4 4. h3 Bxf3 5. Qxf3 f6 6. Bc4 Be7 7. Qg4 Nh6 8. Qxg7
Rf8 9. Qxh6 Kd7 10. Bd5 c6 11. Bb3 Na6 12. Qxh7 Kc7 13. Na3 Nc5 14. d4 Nd3+ 0-1

[Event "Challenge"]
[Site "http://www.queenalice.com/game.php?id=210004"]
[Date "2007.5.12"]
[Round "-"]
[White "Doorman19"]
[Black "HamonRN"]
[Result "1-0"]
[WhiteElo "1482"]
[BlackElo "1058"]

1. d4 Nf6 2. Bf4 Ne4 3. f3 Nd6 4. e3 Nc4 5. Bxc4 e6 6. Nh3 d5 7. Bb3 Nc6 8. Nc3
Bb4 9. O-O b6 10. Nb5 Ba6 11. Nxc7+ Kd7 12. Nxa6 Ba5 13. Ng5 1-0

[Event "Challenge"]
[Site "http://www.queenalice.com/game.php?id=239022"]
[Date "2007.7.12"]
[Round "-"]
[White "PedroNRF"]
[Black "Doorman19"]
[Result "0-1"]
[WhiteElo "1629"]
[BlackElo "1479"]

1. e4 e5 2. d4 exd4 3. Qxd4 Nc6 4. Qe3 h6 5. e5 Qe7 6. Be2 Nxe5 7. Qc3 Nf6 8.
Qxc7 Nd5 9. Qa5 Nb4 10. Qc7 g6 11. a3 Na6 12. Qc3 Bg7 13. Qg3 d6 14. Qf4 O-O 15.
b4 Nd3+ 16. cxd3 Bxa1 17. Qxh6 Bg7 18. Qg5 Bf6 19. Qd5 Nc7 20. Qf3 a6 21. Nd2
Nb5 22. Ne4 Bd4 23. Bg5 Qe6 24. Bh6 Re8 25. Nf6+ Bxf6 26. Nh3 Bc3+ 27. Kf1 Nd4
28. Nf4 Qa2 29. Kg1 Nxf3+ 30. gxf3 Rxe2 31. Nxe2 Qxe2 32. Kg2 Be1 33. Rf1 Bh3+
34. Kxh3 Qxf1+ 35. Kg4 Qg2+ 36. Kf4 Bd2+ 37. Ke4 Bxh6 38. h4 Qxf2 39. d4 Qxh4+
40. Kd5 Qf6 41. f4 Qe6# 0-1

[Event "Challenge"]
[Site "http://www.queenalice.com/game.php?id=258452"]
[Date "2007.8.20"]
[Round "-"]
[White "Doorman19"]
[Black "doran"]
[Result "0-1"]
[WhiteElo "1498"]
[BlackElo "1860"]

1. d4 g6 2. Nf3 Bg7 3. Bf4 d6 4. Nc3 Nd7 5. e3 e5 6. dxe5 dxe5 7. Bg5 Ne7 8. Nd5
f6 9. Bxf6 Nxf6 10. Nb4 Qxd1+ 11. Rxd1 Bg4 12. Be2 e4 13. Ng5 h6 14. Bxg4 Nxg4
15. Ne6 Kf7 16. Nxc7 Rac8 17. Rd7 Nf6 18. Nbd5 Nxd7 19. Nxe7 Rxc7 20. Nd5 Rxc2
21. O-O Rhc8 22. h3 Rxb2 23. a4 Rcc2 24. g4 Ne5 25. Kg2 Nd3 26. h4 Nxf2 27. g5
h5 28. Kg3 Be5+ 29. Kg2 Ke6 30. Nf4+ Bxf4 31. exf4 Ng4+ 32. Kg1 Rg2+ 33. Kh1
Rh2+ 34. Kg1 Rbg2# 0-1